000 00647nam a2200241 i 4500
001 C2-0074107
003 PPAK
005 20180727080508.0
008 970429s1990 enka|||| ||||| | eng d
020 _a075000312X
040 _aPPAK
_beng
_cPPAK
_erda
082 0 4 _a823
_223
090 0 0 _a823
_bHOO
_dK
100 1 _aHooper, Meredith,
_eauthor
245 1 0 _aEvie's magic lamp
264 1 _aLondon :
_bSimon & Schuster ,
_c1990
300 _a79 pages :
_billustrations ;
_c20 cm
336 _2rdacontent
_atext
337 _2rdamedia
_aunmediated
338 _2rdacarrier
_avolume
650 1 0 _aChildren's stories, English
942 _ddc
_cB
999 _c10416
_d10416